000 00634nam a22001937a 4500
005 20251108172733.0
008 250721s1959 xx 000 0 ara d
082 1 4 _a907.2/زري
100 1 _aزريق، قسطنطين
_eمؤلف
245 1 0 _aنحن والتاريخ :
_bمطالب وتساؤلات في صناعة التاريخ وصنع التاريخ /
250 _aالخامسة
264 1 _aبيروت :
_bدار العلم للملايين،
_c1959.
300 _a242ص
650 1 7 _aالتاريخ
650 1 7 _aالكتابة التاريخية
650 1 7 _aالفلسفة
942 _2ddc
_cBK
999 _c87244
_d87244